Central Library OPAC University of Rajshahi

Chemistry : (Record no. 9446)

MARC details
000 -LEADER
fixed length control field 00785nam a2200241 a 4500
001 - CONTROL NUMBER
control field 9446
003 - CONTROL NUMBER IDENTIFIER
rucl marc code BD-RjUL
005 - DATE AND TIME OF LATEST TRANSACTION
control field 20211208234759.0
008 - FIXED-LENGTH DATA ELEMENTS--GENERAL INFORMATION
fixed length control field 161004s1984 nyua b 001 0 eng
020 ## - INTERNATIONAL STANDARD BOOK NUMBER
International Standard Book Number 0070419833
035 ## - SYSTEM CONTROL NUMBER
System control number (BD-RjUL)9491
040 ## - CATALOGING SOURCE
Original cataloging agency DLC
Transcribing agency DLC
Modifying agency DLhttp://180.211.185.225:8010/cgi-bin/koha/cataloguing/addbiblio.pl?biblionumber=9491#C
-- BD-RjUL
Language of cataloging eng
041 ## - LANGUAGE CODE
Language code of text/sound track or separate title eng
082 00 - DEWEY DECIMAL CLASSIFICATION NUMBER
Classification number 540
Edition number 19
Author mark and year MIC 1984
100 1# - MAIN ENTRY--PERSONAL NAME
Personal name Miller, Francis Marion.
9 (RLIN) 29270
245 10 - TITLE STATEMENT
Title Chemistry :
Remainder of title structure and dynamics /
Statement of responsibility, etc. Francis Marion Miller.
260 ## - PUBLICATION, DISTRIBUTION, ETC. (IMPRINT)
Place of publication, distribution, etc. New York :
Name of publisher, distributor, etc. McGraw-Hill,
Date of publication, distribution, etc. c1984.
300 ## - PHYSICAL DESCRIPTION
Pagination xxii, 904 p. :
Illustrations ill. ;
Size 23 cm.
504 ## - BIBLIOGRAPHY, ETC. NOTE
Bibliography, etc Includes bibliographical references and index.
650 #0 - SUBJECT ADDED ENTRY--TOPICAL TERM
Topical term or geographic name as entry element Chemistry.
9 (RLIN) 29271
942 ## - ADDED ENTRY ELEMENTS (KOHA)
Source of classification or shelving scheme Dewey Decimal Classification
Koha item type Books
Holdings
Lost status Source of classification or shelving scheme Damaged status Not for loan Collection code Permanent Location Current Location Shelving location Date acquired Source of acquisition Total Checkouts Full call number Date last seen Copy number Koha item type
  Dewey Decimal Classification   Not For Loan Non-fiction Central Library, University of Rajshahi Central Library, University of Rajshahi Reading Room 18/10/1990 Canada   540 MIC 1984 21/01/2014 C-1 Books
  Dewey Decimal Classification     Non-fiction Central Library, University of Rajshahi Central Library, University of Rajshahi   18/10/1990 Canada   540 MIC 1984 04/10/2016 C-2 Books